Online katalóg knižníc regiónu Turca

Dych ďalekých poludníkov / (Record no. 22667)

MARC details
000 -LEADER
fixed length control field 00538nam a22002052 4500
001 - CONTROL NUMBER
control field 22667
003 - CONTROL NUMBER IDENTIFIER
control field CZ PrNK
005 - DATE AND TIME OF LATEST TRANSACTION
control field 20260415142122.0
008 - FIXED-LENGTH DATA ELEMENTS--GENERAL INFORMATION
fixed length control field 960509s1984 xo slo
040 ## - CATALOGING SOURCE
Original cataloging agency ABA001
Language of cataloging cze
Transcribing agency ABA001
Modifying agency ABA001
100 1# - MAIN ENTRY--PERSONAL NAME
Personal name Tuleja, Miroslav,
Dates associated with a name 1942-
Relationship aut
245 10 - TITLE STATEMENT
Title Dych ďalekých poludníkov /
Statement of responsibility, etc. Miroslav Tuleja
250 ## - EDITION STATEMENT
Edition statement 1. vyd.
260 ## - PUBLICATION, DISTRIBUTION, ETC.
Place of publication, distribution, etc. Bratislava :
Name of publisher, distributor, etc. Obzor,
Date of publication, distribution, etc. 1984
300 ## - PHYSICAL DESCRIPTION
Extent 218 s. :
Other physical details barev. obr. ;
Dimensions
490 1# - SERIES STATEMENT
Series statement Svetom
830 #0 - SERIES ADDED ENTRY--UNIFORM TITLE
Uniform title Svetom
910 ## - USER-OPTION DATA (OCLC)
User-option data ABA001
942 ## - ADDED ENTRY ELEMENTS (KOHA)
Source of classification or shelving scheme Dewey Decimal Classification
Koha item type Krásna literatúra pre dospelých
Suppress in OPAC No
Holdings
Stav vyradenia Strata Poškodenie Spôsob nadobudnutia Domovská knižnica Aktuálna knižnica Dátum nadobudnutia Total checkouts Čiarový kód exemplára Date last seen Typ exemplára
      Dar Obecná knižnica Horná Štubňa Obecná knižnica Horná Štubňa 15.04.2026   4736202218 15.04.2026 Krásna literatúra pre dospelých
Projekt je podporený Slovenskou asociáciou knižníc
Prevádzkuje Turčianska knižnica Martin 2026